Logo BPK

Biblioteka

Politechniki Koszalińskiej

Bilans cieplny pomieszczeń chłodni : (Rekord nr 24420)

Szczegóły MARC
000 -ETYKIETA REKORDU
podpole kontrolne o stałej długości 01829nam a2200505 i 4500
001 - NUMER KONTROLNY REKORDU
pole kontrolne 24420
003 - IDENTYFIKATOR NUMERU KONTROLNEGO REKORDU
podpole kontrolne KOSZ 005
005 - DATA OSTATNIEJ MODYFIKACJI REKORDU
podpole kontrolne 20211220151851.0
008 - POLE O STAŁEJ DŁUGOŚCI - DANE KONTROLNE
podpole kontrolne o stałej długości 961010s1995 pl a f f |000 0 pol d
020 ## - MIĘDZYNARODOWY ZNORMALIZOWANY NUMER KSIĄŻKI - ISBN
ISBN 8386123338
040 ## - ŹRÓDŁO KATALOGOWANIA
Instytucja, która utworzyła rekord KOSZ 005
Instytucja, która sporządziła opis KOSZ 005
Instytucja, która dokonała modyfikacji KOSZ 005/HR
041 0# - KOD JĘZYKA
Kod języka tekstu pol
080 ## - UNIWERSALNA KLASYFIKACJA DZIESIĘTNA - UKD
UKD 621.56
080 ## - UNIWERSALNA KLASYFIKACJA DZIESIĘTNA - UKD
UKD 536
080 ## - UNIWERSALNA KLASYFIKACJA DZIESIĘTNA - UKD
UKD 664.8/.9
080 ## - UNIWERSALNA KLASYFIKACJA DZIESIĘTNA - UKD
UKD (075.8)
100 1# - NAZWA OSOBOWA
Nazwa osobowa Czapp, Marian
Określenie rodzaju współpracy Autor
245 10 - TYTUŁ/ODPOWIEDZIALNOŚĆ
Tytuł Bilans cieplny pomieszczeń chłodni :
Ciąg dalszy tytułu zasady opracowania /
Pozostałe elementy strefy tytułu i oznaczenia odpowiedzialności Marian Czapp, Henryk Charun ; Wyższa Szkoła Inżynierska w Koszalinie.
250 ## - STREFA WYDANIA
Oznaczenie wydania [Wyd.2 zm.].
260 ## - STREFA ADRESU WYDAWNICZEGO
Miejsce wydania Koszalin :
Nazwa wydawcy/dystrybutora Wydawnictwo Uczelniane WSI,
Data publikacji, dystrybucji/powstania dokumentu 1995.
300 ## - STREFA OPISU FIZYCZNEGO
Objętość 349 s. :
Inne cechy fizyczne rys., wykr. ;
Rozmiary 24 cm.
336 ## - TYP ZAWARTOŚCI
Źródło (terminu i kodu) rdacontent
Termin opisujący typ zawartości Tekst
Kod określający zawartość txt
337 ## - TYP MEDIÓW
Źródło (terminu i kodu) rdamedia
Tryb odtwarzania
Kod typu mediów n
338 ## - TYP/RODZAJ NOŚNIKA
Źródło (terminu i kodu) rdacarrier
Hasło opisujące typ nośnika Wolumin
Kod typu nośnika nc
380 ## - FORMA I TYP PUBLIKACJI
Forma i typ publikacji Książki
380 ## - FORMA I TYP PUBLIKACJI
Forma i typ publikacji Publikacje dydaktyczne
385 ## - ODBIORCA
Kategoria grupowa odbiorcy Poziom nauczania
Odbiorca Szkoły wyższe
388 ## - CZAS POWSTANIA
Czas powstania 1901-2000
388 ## - CZAS POWSTANIA
Czas powstania 1989-2000
500 ## - UWAGI OGÓLNE
Tekst uwagi Wyd.1 ukazało się pt."Zasady opracowania bilansu cieplnego pomieszczeń chłodni".
504 ## - UWAGA DOTYCZĄCA BIBLIOGRAFII
Informacje o bibliografii Bibliogr. s. 343-349.
521 ## - UWAGA DOTYCZĄCA PRZEZNACZENIA CZYTELNICZEGO
Przeznaczenie czytelnicze Skrypt Wydziału Mechanicznego do przedmiotu: Maszyny i urządzenia chłodnicze.
650 #7 - HASŁO PRZEDMIOTOWE W FORMIE NAZWY OGÓLNEJ LUB JEDNOSTKOWEJ
Nazwa ogólna lub geograficzna Chłodnictwo
650 #7 - HASŁO PRZEDMIOTOWE W FORMIE NAZWY OGÓLNEJ LUB JEDNOSTKOWEJ
Nazwa ogólna lub geograficzna Chłodnie
650 #7 - HASŁO PRZEDMIOTOWE W FORMIE NAZWY OGÓLNEJ LUB JEDNOSTKOWEJ
Nazwa ogólna lub geograficzna Projektowanie
650 #7 - HASŁO PRZEDMIOTOWE W FORMIE NAZWY OGÓLNEJ LUB JEDNOSTKOWEJ
Nazwa ogólna lub geograficzna Ciepło
650 #7 - HASŁO PRZEDMIOTOWE W FORMIE NAZWY OGÓLNEJ LUB JEDNOSTKOWEJ
Nazwa ogólna lub geograficzna Izolacje cieplne
650 #7 - HASŁO PRZEDMIOTOWE W FORMIE NAZWY OGÓLNEJ LUB JEDNOSTKOWEJ
Nazwa ogólna lub geograficzna Mrożonki
655 #7 - TERMIN INDEKSOWY - OKREŚLENIE RODZAJU/FORMY DOKUMENTU
Określenie rodzaju/formy dokumentu Podręczniki akademickie
658 ## - TERMIN INDEKSOWY - PRZEDMIOT PROGRAMU NAUCZANIA
Główny przedmiot programu nauczania Inżynieria i technika
710 2# - HASŁO DODATKOWE - NAZWA CIAŁA ZBIOROWEGO
Nazwa ciała zbiorowego lub jednostki geograficznej Wydawnictwo Uczelniane (Wyższa Szkoła Inżynierska ; Koszalin)
Kod określenia powiązania pbl
700 1# - HASŁO DODATKOWE - NAZWA OSOBOWA
Nazwa osobowa Charun, Henryk
Daty związane z nazwą (1946-2021)
Określenie związku między hasłem a opisywanym materiałem Autor
856 ## - LOKALIZACJA I DOSTĘP DO ELEKTRONICZNYCH DOKUMENTÓW ZDALNYCH
Link (URL) http://koha.tu.koszalin.pl/cgi-bin/koha/opac-detail.pl?biblionumber=24420
Tekst linku Katalog online BPK
942 ## - DODATKOWE ELEMENTY (KOHA)
Typ dokumentu Książka
Schemat klasyfikacji Uniwersalna Klasyfikacja Dziesiętna
Egzemplarze
Wycofany Status egzemplarza Uszkodzony Dostępność Lokalizacja stała Lokalizacja bieżąca Miejsce przechowywania Sygnatura Kod kreskowy Ostatnio wypożyczono Typ dokumentu Numer ubytku
      Dostępny Biblioteka Politechniki Koszalińskiej Biblioteka Politechniki Koszalińskiej Wypożyczalnia BG P 49624 01811322 20.08.2024 Książka  
      Dostępny Biblioteka Politechniki Koszalińskiej Biblioteka Politechniki Koszalińskiej Wypożyczalnia BG P 49625 02054681 11.02.2025 Książka  
      Dostępny Biblioteka Politechniki Koszalińskiej Biblioteka Politechniki Koszalińskiej Wypożyczalnia BG P 49626 01172928 05.06.2019 Książka  
      Dostępny Biblioteka Politechniki Koszalińskiej Biblioteka Politechniki Koszalińskiej Wypożyczalnia BG P 49627 01064841 28.05.2019 Książka  
      Dostępny Biblioteka Politechniki Koszalińskiej Biblioteka Politechniki Koszalińskiej Wypożyczalnia BG P 49628 01064858 29.05.2019 Książka  
      Dostępny Biblioteka Politechniki Koszalińskiej Biblioteka Politechniki Koszalińskiej Wypożyczalnia BG P 49629 01016673 29.05.2019 Książka  
      Dostępny Biblioteka Politechniki Koszalińskiej Biblioteka Politechniki Koszalińskiej Wypożyczalnia BG P 49630 01098228 15.04.2019 Książka  
  Egz. niedostępny   Niedostępny Biblioteka Politechniki Koszalińskiej Biblioteka Politechniki Koszalińskiej   P 49631 01144284   Książka p37985
      Dostępny Biblioteka Politechniki Koszalińskiej Biblioteka Politechniki Koszalińskiej Wypożyczalnia BG P 49632 01144291 15.04.2019 Książka  
      Dostępny Biblioteka Politechniki Koszalińskiej Biblioteka Politechniki Koszalińskiej Wypożyczalnia BG P 49633 01144338 02.03.2019 Książka  
      Dostępny Biblioteka Politechniki Koszalińskiej Biblioteka Politechniki Koszalińskiej Wypożyczalnia BG P 49634 01261202 04.03.2019 Książka  
      Dostępny Biblioteka Politechniki Koszalińskiej Biblioteka Politechniki Koszalińskiej Wypożyczalnia BG P 49635 01261219 06.03.2019 Książka  
  Egz. niedostępny   Niedostępny Biblioteka Politechniki Koszalińskiej Biblioteka Politechniki Koszalińskiej   P 49636 01884272   Książka p16404
      Dostępny Biblioteka Politechniki Koszalińskiej Biblioteka Politechniki Koszalińskiej Wypożyczalnia BG P 49637 01243765 25.06.2019 Książka  
      Dostępny Biblioteka Politechniki Koszalińskiej Biblioteka Politechniki Koszalińskiej Wypożyczalnia BG p 49638 01533200 30.07.2019 Książka  
      Dostępny Biblioteka Politechniki Koszalińskiej Biblioteka Politechniki Koszalińskiej Wypożyczalnia BG P 49639 01134148 21.02.2019 Książka  
      Dostępny Biblioteka Politechniki Koszalińskiej Biblioteka Politechniki Koszalińskiej Wypożyczalnia BG P 49640 01110067 11.02.2019 Książka  
  Egz. niedostępny   Niedostępny Biblioteka Politechniki Koszalińskiej Biblioteka Politechniki Koszalińskiej   P 49641 01121421 07.03.2016 Książka p37986
      Dostępny Biblioteka Politechniki Koszalińskiej Biblioteka Politechniki Koszalińskiej Wypożyczalnia BG P 49642 09105362 01.03.2022 Książka  
  Egz. niedostępny   Niedostępny Biblioteka Politechniki Koszalińskiej Biblioteka Politechniki Koszalińskiej   P 49643 01095173   Książka p17766
  Egz. niedostępny   Niedostępny Biblioteka Politechniki Koszalińskiej Biblioteka Politechniki Koszalińskiej   P 49644 01050776   Książka p16392
© 2023 Biblioteka Politechniki Koszalińskiej :: KOHA